000
00322nam a2200133Ia 4500
005
20260328104304.0
008
260328s9999||||xx |||||||||||||| ||und||
100
_a
Acayaba, Marcos
245
0
_a
[Entrevistas 2] /
_c
Marcos Acayaba
260
_b
coleccion entrevista
300
_a
165 p.
650
_a
URUGUAY
942
_c
BK
999
_c
10688
_d
10688